| 000 | 00623nam a2200193Ia 4500 | ||
|---|---|---|---|
| 008 | 151121s9999||||xx |||||||||||||| ||und|| | ||
| 082 | _a814/शहाजिं | ||
| 082 | _bHNW-70060 | ||
| 100 | _aशहाजिंदे फ। म। | ||
| 245 | _aइत्यर्थ | ||
| 260 | _b"दिलीपराज प्रकाशन प्रा।लि।, पुणे।" | ||
| 260 | _c-- | ||
| 300 | _a176 | ||
| 600 | _aशहाजिंदे फ। म। | ||
| 630 | _aइत्यर्थ | ||
| 700 | _aशहाजिंदे फ। म। | ||
| 730 | _aइत्यर्थ | ||
| 942 | _cBOOK | ||
| 999 |
_c1251536 _d1251533 |
||